[Event "Figueres Nadal op 5th"]
[Site "Figueres"]
[Date "2016.01.03"]
[Round "5"]
[White "Cetean Onetiu, Jorge Jesus"]
[Black "Casado Graboleda, Jokin"]
[Result "0-1"]
[WhiteElo "1652"]
[BlackElo "1637"]
[PlyCount "60"]
[EventDate "2016.01.02"]
[EventType "swiss"]
[EventRounds "7"]
[EventCountry "ESP"]
[SourceTitle "EXT 2017"]
[Source "ChessBase"]
[SourceDate "2016.10.25"]
[SourceVersion "1"]
[SourceVersionDate "2016.10.25"]
[SourceQuality "1"]

1. b3 e5 2. Nc3 Nf6 3. e3 d5 4. f3 Nc6 5. Bb2 Bf5 6. a3 d4 7. Nce2 dxe3 8. dxe3 Bd6 9. Ng3 Be6 10. Bd3 Qe7 11. Nh3 0-0-0 12. Bc1 Nd5 13. Ne4 Bf5 14. Nxd6+ Rxd6 15. Bxf5+ Kb8 16. Bb2 Nxe3 17. Qe2 Nxf5 18. Rd1 Rxd1+ 19. Qxd1 Rd8 20. Qe2 f6 21. 0-0 Qf7 22. Bc3 Ncd4 23. Be1 Nxe2+ 24. Kh1 Rd1 25. Nf2 Rb1 26. g3 Qh5 27. Kg2 Ne3+ 28. Kh1 Nxg3+ 29. Kg1 Ngxf1 30. Bb4 Qxh2# 0-1